书目信息 |
| 题名: |
寓教于乐, 潜移默化
|
|
| 作者: | 王军莉, 著 | |
| 分册: | ||
| 出版信息: | 北京 九州出版社 2019 |
|
| 页数: | 209页 | |
| 开本: | 24cm | |
| 丛书名: | ||
| 单 册: | ||
| 中图分类: | G40-014 | |
| 科图分类: | ||
| 主题词: | 美育--mei yu--教学研究--高等学校 | |
| 电子资源: | ||
| ISBN: | 978-7-5108-7015-6 | |
| 000 | 01073nam0 2200289 450 | |
| 001 | 012001003453 | |
| 005 | 20140113111311.0 | |
| 010 | @a978-7-5108-7015-6@dCNY48.00 | |
| 099 | @aCAL 012019052497 | |
| 100 | @a20190322d2019 em y0chiy50 ea | |
| 101 | 0 | @achi |
| 102 | @aCN@b110000 | |
| 105 | @ay a 000yy | |
| 106 | @ar | |
| 200 | 1 | @a寓教于乐, 潜移默化@Ayu jiao yu le, qian yi mo hua@e高校美育实施路径研究@f王军莉著 |
| 210 | @a北京@c九州出版社@d2019 | |
| 215 | @a209页@d24cm | |
| 300 | @a渭南师范学院学术专著出版基金资助 | |
| 314 | @a王军莉, 硕士研究生学历。 | |
| 320 | @a有书目 (第208-209页) | |
| 330 | @a本书首先对美育、高校美育进行了基本论述, 其次分析了高校美育现状、存在的问题及原因, 在借鉴有关专家学者关于美育和美育模式研究的宝贵成果的前提下, 提出了构建普通高校美育实施路径。 | |
| 517 | 1 | @a高校美育实施路径研究@Agao xiao mei yu shi shi lu jing yan jiu |
| 606 | 0 | @a美育@Amei yu@x教学研究@x高等学校 |
| 690 | @aG40-014@v5 | |
| 701 | 0 | @a王军莉,@Awang jun li@f1985-@4著 |
| 801 | 0 | @aCN@b江苏凤凰@c20191020 |
| 905 | @b1236120-5@dG40-014@e1049@f6 | |
| 寓教于乐, 潜移默化:高校美育实施路径研究/王军莉著.-北京:九州出版社,2019 |
| 209页;24cm |
| 渭南师范学院学术专著出版基金资助 |
| ISBN 978-7-5108-7015-6:CNY48.00 |
| 本书首先对美育、高校美育进行了基本论述, 其次分析了高校美育现状、存在的问题及原因, 在借鉴有关专家学者关于美育和美育模式研究的宝贵成果的前提下, 提出了构建普通高校美育实施路径。 |
| ● |
| 相关链接 |
|
|
|
|
正题名:寓教于乐, 潜移默化
索取号:G40-014/1049
 
预约/预借
| 序号 | 登录号 | 条形码 | 馆藏地/架位号 | 状态 | 备注 |
| 1 | 1236120 | 212361200 | 第一样本阅览室/ [索取号:G40-014/1049] | 在馆 | |
| 2 | 1236121 | 212361219 | 教育系资料室/ [索取号:G40-014/1049] | 在馆 | |
| 3 | 1236122 | 212361228 | 教育系资料室/ [索取号:G40-014/1049] | 在馆 | |
| 4 | 1236123 | 212361237 | 教育系资料室/ [索取号:G40-014/1049] | 在馆 | |
| 5 | 1236124 | 212361246 | 第四借阅区/ [索取号:G40-014/1049] | 在馆 | |
| 6 | 1236125 | 212361255 | 第四借阅区/ [索取号:G40-014/1049] | 在馆 |